Visualizzazione normale
Vista MARC
- Spiralman
di Personal Name
Records bibliografici associati: 1
001 - CONTROL NUMBER
- control field: 28546
003 - CONTROL NUMBER IDENTIFIER
- control field: IT-RoPau
005 - DATE AND TIME OF LATEST TRANSACTION
- control field: 20140607213607.0
008 - FIXED-LENGTH DATA ELEMENTS
- fixed length control field: 140607|| aca||aabn | a|a d
040 ## - CATALOGING SOURCE
- Original cataloging agency: IT-RoPau
- Transcribing agency: IT-RoPau
100 ## - HEADING--PERSONAL NAME
- Personal name: Spiralman
- Dates associated with a name: Codice autore SPICS: 36828
- Relator term: Autore
- Name of part/section of a work: Comitato "La casa è un diritto"
670 ## - SOURCE DATA FOUND
- Source citation: Work cat.: (IT-RoPau)99253: AA.VV. 794, Italian Posse